[Event "4th Baskent University Open 2019"]
[Site "Ankara"]
[Date "2019.06.18"]
[Round "2"]
[White "Arat, Ufuk Sezen"]
[Black "Sumer, Gun"]
[Result "1-0"]
[WhiteElo "2368"]
[BlackElo "1969"]
[Annotator "NA"]
[PlyCount "57"]
[EventDate "2019.06.18"]
[EventType "swiss"]
[EventCountry "TUR"]
[SourceTitle "playchess.com"]
[Source "ChessBase"]
[SourceQuality "1"]
[TimeControl "5400+30"]

1. c4 {[%emt 0:09:30]} e6 {[%emt 0:00:30]} 2. Nf3 {[%emt 0:00:30]} Nf6 {[%emt 0:00:30]} 3. g3 {[%emt 0:00:00]} d5 {[%emt 0:00:30]} 4. Bg2 {[%emt 0:00:00]} Be7 {[%emt 0:00:30]} 5. O-O {[%emt 0:00:00]} O-O {[%emt 0:00:00]} 6. b3 {[%emt 0:00:00]} d4 {[%emt 0:01:00]} 7. e3 {[%emt 0:02:30]} c5 {[%emt 0:00:00]} 8. exd4 {[%emt 0:01:30]} cxd4 {[%emt 0:00:00]} 9. Ba3 {[%emt 0:02:30]} Nc6 {[%emt 0:02:30]} 10. Re1 {[%emt 0:03:30]} Nd7 {[%emt 0:08:30]} 11. d3 {[%emt 0:04:30]} a5 {[%emt 0:05:30]} 12. Bxe7 {[%emt 0:04:30]} Qxe7 {[%emt 0:02:30]} 13. Nbd2 {[%emt 0:00:30]} f6 {[%emt 0:11:30]} 14. Nh4 {[%emt 0:08:30]} Nc5 {[%emt 0:05:30]} 15. Ne4 {[%emt 0:03:30]} g5 {[%emt 0:18:30]} 16. Nxc5 {[%emt 0:09:30]} Qxc5 {[%emt 0:00:00]} 17. Nf3 {[%emt 0:06:30]} a4 {[%emt 0:08:00]} 18. a3 {[%emt 0:04:30]} axb3 {[%emt 0:01:30]} 19. Qxb3 {[%emt 0:00:00]} Kh8 {[%emt 0:04:30]} 20. Nd2 {[%emt 0:00:00]} e5 {[%emt 0:03:30]} 21. a4 {[%emt 0:03:30]} Ra6 {[%emt 0:03:30]} 22. Reb1 {[%emt 0:07:30]} Qe7 {[%emt 0:00:30]} 23. Qa3 {[%emt 0:01:30]} Qg7 {[%emt 0:03:39]} 24. Ne4 {[%emt 0:01:30]} f5 {[%emt 0:01:42]} 25. Nd6 {[%emt 0:07:56]} Ra7 {[%emt 0:00:36]} 26. Qc5 {[%emt 0:01:58]} Ra5 {[%emt 0:00:14]} 27. Rb5 {[%emt 0:01:11]} Rxb5 {[%emt 0:00:42]} 28. axb5 {[%emt 0:00:59]} Ne7 {[%emt 0:00:05]} 29. Ra8 {[%emt 0:00:49]} 1-0

[Event "4th Baskent University Open 2019"]
[Site "Ankara"]
[Date "2019.06.18"]
[Round "2"]
[White "Guliev, Logman"]
[Black "Ozdemir, Serhan Berat"]
[Result "1-0"]
[WhiteElo "2320"]
[BlackElo "1950"]
[Annotator "NA"]
[PlyCount "169"]
[EventDate "2019.06.18"]
[EventType "swiss"]
[EventCountry "TUR"]
[SourceTitle "playchess.com"]
[Source "ChessBase"]
[SourceQuality "1"]
[TimeControl "5400+30"]

1. e4 {[%emt 0:00:30]} c5 {[%emt 0:00:30]} 2. Nf3 {[%emt 0:00:30]} e6 {[%emt 0:00:30]} 3. d4 {[%emt 0:00:00]} cxd4 {[%emt 0:00:00]} 4. Nxd4 {[%emt 0:00:00]} a6 {[%emt 0:00:00]} 5. Bd3 {[%emt 0:00:00]} Nf6 {[%emt 0:00:00]} 6. O-O {[%emt 0:00:00]} Qc7 {[%emt 0:00:00]} 7. Qe2 {[%emt 0:00:30]} d6 {[%emt 0:00:30]} 8. c4 {[%emt 0:00:30]} g6 {[%emt 0:00:30]} 9. f4 {[%emt 0:02:30]} Bg7 {[%emt 0:02:30]} 10. Kh1 {[%emt 0:00:30]} O-O {[%emt 0:00:30]} 11. Nc3 {[%emt 0:00:30]} Nbd7 {[%emt 0:05:30]} 12. Be3 {[%emt 0:02:30]} b6 {[%emt 0:07:30]} 13. Rac1 {[%emt 0:01:30]} Bb7 {[%emt 0:00:30]} 14. b4 {[%emt 0:00:00]} Rac8 {[%emt 0:01:30]} 15. Nb3 {[%emt 0:03:00]} Qb8 {[%emt 0:02:30]} 16. a4 {[%emt 0:01:30]} Qa8 {[%emt 0:05:30]} 17. Bd4 {[%emt 0:02:30]} e5 {[%emt 0:09:30]} 18. fxe5 {[%emt 0:00:30]} dxe5 {[%emt 0:00:00]} 19. Bg1 {[%emt 0:00:30]} Nh5 {[%emt 0:05:00]} 20. Be3 {[%emt 0:06:30]} Nf4 {[%emt 0:21:30]} 21. Bxf4 {[%emt 0:04:30]} exf4 {[%emt 0:00:30]} 22. Nd5 {[%emt 0:00:30]} Rfe8 {[%emt 0:00:30]} 23. Qf2 {[%emt 0:01:30]} Ne5 {[%emt 0:02:30]} 24. Be2 {[%emt 0:00:30]} Bxd5 {[%emt 0:06:30]} 25. exd5 {[%emt 0:02:30]} b5 {[%emt 0:01:30]} 26. axb5 {[%emt 0:00:30]} axb5 {[%emt 0:00:30]} 27. Ra1 {[%emt 0:01:30]} Qb8 {[%emt 0:01:30]} 28. c5 {[%emt 0:00:30]} Nc4 {[%emt 0:00:30]} 29. d6 {[%emt 0:07:30]} Bxa1 {[%emt 0:02:30]} 30. Rxa1 {[%emt 0:00:00]} Re3 {[%emt 0:04:30]} 31. Nd4 {[%emt 0:01:00]} Nxd6 {[%emt 0:00:30]} 32. cxd6 {[%emt 0:02:30]} Qxd6 {[%emt 0:00:30]} 33. Rd1 {[%emt 0:08:30]} Qxb4 {[%emt 0:00:50]} 34. Qxf4 {[%emt 0:00:30]} Rce8 {[%emt 0:01:11]} 35. Rf1 {[%emt 0:00:30]} Qf8 {[%emt 0:10:47]} 36. Bxb5 {[%emt 0:00:30]} R8e4 {[%emt 0:00:54]} 37. Qf2 {[%emt 0:01:30]} Qe7 {[%emt 0:00:41]} 38. Nc6 {[%emt 0:02:30]} Qe6 {[%emt 0:04:26]} 39. Nd8 {[%emt 0:04:30]} Qf5 {[%emt 0:00:38]} 40. Qxf5 {[%emt 0:01:30]} gxf5 {[%emt 0:00:04]} 41. Rxf5 {[%emt 0:00:00]} Re5 {[%emt 0:00:21]} 42. Rxe5 {[%emt 0:00:00]} Rxe5 {[%emt 0:00:30]} 43. Bf1 {[%emt 0:00:30]} Rc5 {[%emt 0:00:37]} 44. Nb7 {[%emt 0:00:30]} Rd5 {[%emt 0:00:06]} 45. Kg1 {[%emt 0:00:00]} Kg7 {[%emt 0:00:04]} 46. Kf2 {[%emt 0:00:00]} Rf5+ {[%emt 0:00:09]} 47. Ke1 {[%emt 0:01:30]} Rd5 {[%emt 0:01:35]} 48. Be2 {[%emt 0:00:00]} Rg5 {[%emt 0:02:54]} 49. Kf2 {[%emt 0:01:00]} Rf5+ {[%emt 0:00:30]} 50. Bf3 {[%emt 0:00:00]} Rb5 {[%emt 0:00:29]} 51. Nd6 {[%emt 0:00:00]} Rb4 {[%emt 0:00:00]} 52. Ke3 {[%emt 0:01:30]} Rb6 {[%emt 0:00:10]} 53. Nf5+ {[%emt 0:01:30]} Kf6 {[%emt 0:00:05]} 54. Kf4 {[%emt 0:00:30]} Rb4+ {[%emt 0:01:20]} 55. Be4 {[%emt 0:00:00]} Rb2 {[%emt 0:00:14]} 56. h4 {[%emt 0:00:00]} Rf2+ {[%emt 0:01:20]} 57. Bf3 {[%emt 0:00:30]} Rb2 {[%emt 0:00:00]} 58. g4 {[%emt 0:00:30]} Rb4+ {[%emt 0:01:02]} 59. Be4 {[%emt 0:00:30]} Rb2 {[%emt 0:00:28]} 60. h5 {[%emt 0:00:30]} Rf2+ {[%emt 0:01:01]} 61. Bf3 {[%emt 0:00:00]} Rf1 {[%emt 0:00:00]} 62. g5+ {[%emt 0:01:00]} Ke6 {[%emt 0:00:00]} 63. Ng3 {[%emt 0:00:30]} Ra1 {[%emt 0:00:18]} 64. h6 {[%emt 0:03:30]} Ra4+ {[%emt 0:00:36]} 65. Ne4 {[%emt 0:00:30]} Ke7 {[%emt 0:01:53]} 66. Bg4 {[%emt 0:00:30]} Kf8 {[%emt 0:01:15]} 67. Bf5 {[%emt 0:00:30]} Kg8 {[%emt 0:00:05]} 68. Kf3 {[%emt 0:01:30]} Ra3+ {[%emt 0:01:09]} 69. Kg4 {[%emt 0:00:30]} Kh8 {[%emt 0:00:01]} 70. Nd6 {[%emt 0:01:30]} Ra4+ {[%emt 0:00:22]} 71. Kf3 {[%emt 0:00:00]} Ra7 {[%emt 0:00:53]} 72. Kf4 {[%emt 0:02:00]} Re7 {[%emt 0:00:27]} 73. Be4 {[%emt 0:00:30]} Kg8 {[%emt 0:00:33]} 74. Bd5 {[%emt 0:00:30]} Rd7 {[%emt 0:00:30]} 75. Ke5 {[%emt 0:00:30]} Kf8 {[%emt 0:00:03]} 76. Ne4 {[%emt 0:00:30]} Re7+ {[%emt 0:00:30]} 77. Kd6 {[%emt 0:00:00]} Re8 {[%emt 0:00:54]} 78. Nf6 {[%emt 0:00:00]} Rd8+ {[%emt 0:00:25]} 79. Ke5 {[%emt 0:00:30]} Ke7 {[%emt 0:00:37]} 80. Nxh7 {[%emt 0:00:30]} Rg8 {[%emt 0:00:31]} 81. Kf5 {[%emt 0:00:30]} Rd8 {[%emt 0:00:22]} 82. Nf6 {[%emt 0:00:30]} Rh8 {[%emt 0:00:07]} 83. Ng4 {[%emt 0:02:30]} Rd8 {[%emt 0:00:10]} 84. Ne5 {[%emt 0:00:30]} Rxd5 {[%emt 0:00:30]} 85. h7 {[%emt 0:00:00]} 1-0

[Event "4th Baskent University Open 2019"]
[Site "Ankara"]
[Date "2019.06.18"]
[Round "2"]
[White "Ozguner, Hakki Ata"]
[Black "Bernadskiy, Vitaliy"]
[Result "0-1"]
[WhiteElo "2153"]
[BlackElo "2578"]
[Annotator "TA"]
[PlyCount "82"]
[EventDate "2019.06.18"]
[EventType "swiss"]
[EventCountry "TUR"]
[SourceTitle "playchess.com"]
[Source "ChessBase"]
[SourceQuality "1"]

{[%evp 9,82,25,15,12,26,15,76,9,20,0,12,14,20,25,32,21,80,31,49,42,41,47,57,57,57,37,43,42,34,31,33,-3,0,-19,-33,-24,-16,-32,-24,-81,-91,-85,-60,-95,-44,-41,-54,-130,-146,-127,-15,-18,-27,-20,-25,-146,-156,-373,-375,-805,-804,-1097,-1073,-1419,-1295,-1506,-1490,-1465,-1458,-29975,-6642,-29990,-29991,-29990,-2406]} 1. d4 f5 2. Bf4 Nf6 3. Nf3 e6 4. e3 b6 5. h3 (5. Be2 Be7 6. h3 Bb7 7. O-O O-O 8. c4 Ne4 9. Nbd2 Bf6 10. Nxe4 fxe4 11. Nd2 Bxd4 12. Qc2 Na6 {1-0 (44) Skoberne,J (2563)-Cheparinov,I (2693) Batumi 2018}) 5... Bb7 6. Bd3 {A80: Dutch Defence: Unusual White second moves} d6 7. O-O Nbd7 $146 (7... g6 $11) ({Predecessor:} 7... Be7 8. Nbd2 O-O 9. Qe2 Ne4 10. c3 Nd7 11. Bh2 Ndf6 12. a4 {0-1 (38) Baidalinova,D (1509)-Duran,E (1772) Sochi 2016}) 8. Bh2 (8. c4 $16) 8... g6 9. c4 Bg7 10. Nc3 O-O 11. Re1 Nh5 12. Be2 e5 (12... Nhf6 $11 {keeps the balance.}) 13. Qb3 e4 14. Nd2 Kh8 15. Qd1 Nhf6 16. b4 Qe7 17. Qc2 c5 18. bxc5 dxc5 19. Nb5 Ne8 20. Nb3 cxd4 21. exd4 a6 22. Nc3 {[%cal Bb5c3,Bc3a4,Ba4b6][%mdl 32]} Rc8 23. Qd2 Nd6 24. c5 (24. Nd5 $11 Bxd5 25. cxd5) 24... bxc5 $17 25. dxc5 Nf7 26. Na4 Bc6 (26... Bxa1 $17 27. Rxa1 Kg8) 27. Nb6 $15 Rcd8 $36 {[%mdl 2048] Strongly threatening ...Nxb6. Black fights for an advantage.} 28. Qb4 (28. Qc1 $15) 28... Bxa1 29. Rxa1 Qf6 ({Black should play} 29... Nde5 $17 30. Bxa6 Qf6) 30. Bc7 $1 $11 Rde8 {Threatens to win with ...Nde5.} 31. Rd1 Nde5 {And now ...f4 would win.} 32. Bxa6 {[#]} (32. Nd4 $11 {remains equal.}) 32... f4 $1 $17 {White must now prevent ...e3.} 33. Bf1 $2 (33. Na5 $17 e3 34. Nxc6 exf2+ 35. Kxf2 Nxc6 36. Qd2) 33... e3 34. Nd4 $2 (34. Nd5 exf2+ 35. Kh1 Bxd5 36. Rxd5) 34... f3 $19 35. fxe3 fxg2 36. Bxg2 Bxg2 37. Kxg2 Ng5 {( -> ...Qf2+)} 38. Qe1 Ne4 39. h4 {[#]} Nf3 $1 {[%mdl 576] Double Attack} 40. Bf4 Nxe1+ 41. Rxe1 Nxc5 {Accuracy: White = 24%, Black = 52%.} (41... Qxh4 $142 42. Rf1 {[#]} Rxf4 $1 {[%mdl 576] Remove Defender, Decoy} 43. Rxf4 Qg3+ {[%mdl 64] Double Attack} 44. Kf1 Nd2+ 45. Ke2 Rxe3+ 46. Kd1 Qg1+ 47. Rf1 Qxf1+ 48. Kxd2 Qe1+ 49. Kc2 Rc3+ {[%mdl 64] Double Attack} 50. Kb2 Qc1#) 0-1

[Event "4th Baskent University Open 2019"]
[Site "Ankara"]
[Date "2019.06.18"]
[Round "2"]
[White "Gulden, Egemen"]
[Black "Nagy, Gabor"]
[Result "0-1"]
[WhiteElo "2120"]
[BlackElo "2471"]
[Annotator "ChessBase"]
[PlyCount "52"]
[EventDate "2019.06.18"]
[EventType "swiss"]
[EventCountry "TUR"]
[SourceTitle "playchess.com"]
[Source "ChessBase"]
[SourceQuality "1"]
[TimeControl "5400+30"]

1. e4 {[%emt 0:00:30]} e5 {[%emt 0:01:30]} 2. Nf3 {[%emt 0:01:30]} Nc6 {[%emt 0:00:30]} 3. Nc3 {[%emt 0:00:30]} Nf6 {[%emt 0:00:30]} 4. Bb5 {[%emt 0:01:30]} Nd4 {[%emt 0:01:30]} 5. Bc4 {[%emt 0:06:30]} Bc5 {[%emt 0:01:30]} 6. d3 {[%emt 0:01:30]} O-O {[%emt 0:06:30]} 7. Bg5 {[%emt 0:03:30]} h6 {[%emt 0:00:30]} 8. Bh4 {[%emt 0:02:30]} c6 {[%emt 0:04:30]} 9. O-O {[%emt 0:23:30]} g5 {[%emt 0:02:30]} 10. Nxe5 {[%emt 0:17:30]} gxh4 {[%emt 0:02:30]} 11. Nxf7 {[%emt 0:02:30]} Rxf7 {[%emt 0:00:30]} 12. Bxf7+ {[%emt 0:00:30]} Kxf7 {[%emt 0:00:30]} 13. e5 {[%emt 0:00:00]} d5 {[%emt 0:00:30]} 14. Na4 {[%emt 0:10:00]} Bg4 {[%emt 0:03:30]} 15. f3 {[%emt 0:09:44]} Nxf3+ {[%emt 0:00:30]} 16. Kh1 {[%emt 0:00:00]} Nxe5 {[%emt 0:00:00]} 17. Qd2 {[%emt 0:00:00]} Bd6 {[%emt 0:00:00]} 18. d4 {[%emt 0:06:41]} Ned7 {[%emt 0:01:30]} 19. h3 {[%emt 0:05:24]} Bh5 {[%emt 0:01:30]} 20. Qxh6 {[%emt 0:01:35]} Qh8 {[%emt 0:00:30]} 21. Qg5 {[%emt 0:00:06]} Bg6 {[%emt 0:00:30]} 22. Nc5 {[%emt 0:01:30]} Bxc5 {[%emt 0:00:00]} 23. dxc5 {[%emt 0:00:15]} Rg8 {[%emt 0:00:00]} 24. Rf2 {[%emt 0:01:49]} Be4 {[%emt 0:00:30]} 25. Qf4 {[%emt 0:00:08]} Qg7 {[%emt 0:00:30]} 26. Rg1 {[%emt 0:02:30]} Qg3 {[%emt 0:00:30]} 0-1

[Event "4th Baskent University Open 2019"]
[Site "Ankara"]
[Date "2019.06.18"]
[Round "2"]
[White "Gulden, Egemen"]
[Black "Nagy, Gabor"]
[Result "*"]
[WhiteElo "2120"]
[BlackElo "2471"]
[Annotator "TA"]
[PlyCount "25"]
[EventDate "2019.06.18"]
[EventType "swiss"]
[EventCountry "TUR"]
[SourceTitle "playchess.com"]
[Source "ChessBase"]
[SourceQuality "1"]

{[%evp 8,8,0]} 1. e4 e5 2. Nf3 Nc6 3. Nc3 Nf6 4. Bb5 Nd4 {Predecessor:} 5. O-O $146 c6 6. Bd3 Nxf3+ 7. Qxf3 d6 8. Be2 Be7 9. d3 O-O 10. Qg3 Be6 11. Kh1 Kh8 12. f4 exf4 13. Bxf4 {0-1 (49) Andreikin,D (2759)-Yu,Y (2784) Hengshui 2019} *

[Event "4th Baskent University Open 2019"]
[Site "Ankara"]
[Date "2019.06.18"]
[Round "2"]
[White "Korkmaz, Necmettin"]
[Black "Iskandarov, Misratdin"]
[Result "0-1"]
[WhiteElo "2098"]
[BlackElo "2502"]
[Annotator "ChessBase"]
[PlyCount "68"]
[EventDate "2019.06.18"]
[EventType "swiss"]
[EventCountry "TUR"]
[SourceTitle "playchess.com"]
[Source "ChessBase"]
[SourceQuality "1"]
[TimeControl "5400+30"]

1. e4 {[%emt 0:00:30]} c5 {[%emt 0:00:30]} 2. Nc3 {[%emt 0:00:30]} e6 {[%emt 0:00:30]} 3. f4 {[%emt 0:00:30]} Nc6 {[%emt 0:00:30]} 4. Nf3 {[%emt 0:00:30]} a6 {[%emt 0:00:00]} 5. g3 {[%emt 0:02:30]} Nge7 {[%emt 0:04:00]} 6. Bg2 {[%emt 0:02:30]} g6 {[%emt 0:00:30]} 7. O-O {[%emt 0:09:30]} Bg7 {[%emt 0:00:30]} 8. d3 {[%emt 0:00:30]} O-O {[%emt 0:00:30]} 9. Be3 {[%emt 0:00:00]} Nd4 {[%emt 0:00:30]} 10. Ne2 {[%emt 0:03:00]} Nxf3+ {[%emt 0:28:30]} 11. Bxf3 {[%emt 0:02:30]} d6 {[%emt 0:01:30]} 12. c3 {[%emt 0:01:30]} b6 {[%emt 0:00:30]} 13. Qe1 {[%emt 0:13:30]} Bb7 {[%emt 0:00:30]} 14. Rd1 {[%emt 0:04:30]} Qc7 {[%emt 0:01:30]} 15. Qf2 {[%emt 0:03:30]} f5 {[%emt 0:04:30]} 16. Rfe1 {[%emt 0:02:30]} Kh8 {[%emt 0:02:30]} 17. Qg2 {[%emt 0:01:30]} b5 {[%emt 0:00:30]} 18. d4 {[%emt 0:02:30]} fxe4 {[%emt 0:01:30]} 19. Bxe4 {[%emt 0:00:00]} Nd5 {[%emt 0:01:30]} 20. Bf2 {[%emt 0:01:00]} c4 {[%emt 0:00:30]} 21. h4 {[%emt 0:13:30]} Rab8 {[%emt 0:00:30]} 22. h5 {[%emt 0:02:30]} gxh5 {[%emt 0:00:00]} 23. f5 {[%emt 0:00:30]} Rxf5 {[%emt 0:00:00]} 24. Bxf5 {[%emt 0:00:30]} exf5 {[%emt 0:00:30]} 25. Qh3 {[%emt 0:00:30]} Qf7 {[%emt 0:01:30]} 26. Nf4 {[%emt 0:00:30]} Nxf4 {[%emt 0:00:30]} 27. gxf4 {[%emt 0:00:30]} Bh6 {[%emt 0:03:30]} 28. d5 {[%emt 0:00:30]} Rg8+ {[%emt 0:00:30]} 29. Kf1 {[%emt 0:02:30]} Bxd5 {[%emt 0:07:30]} 30. Rxd5 {[%emt 0:04:30]} Qxd5 {[%emt 0:00:30]} 31. Bd4+ {[%emt 0:00:30]} Bg7 {[%emt 0:00:30]} 32. Bxg7+ {[%emt 0:01:30]} Kxg7 {[%emt 0:02:30]} 33. Qxh5 {[%emt 0:03:30]} Qd3+ {[%emt 0:01:30]} 34. Re2 {[%emt 0:12:11]} Kh8 {[%emt 0:00:00]} 0-1

[Event "4th Baskent University Open 2019"]
[Site "Ankara"]
[Date "2019.06.18"]
[Round "2"]
[White "Korkmaz, Necmettin"]
[Black "Iskandarov, Misratdin"]
[Result "*"]
[WhiteElo "2098"]
[BlackElo "2502"]
[Annotator "TA"]
[PlyCount "29"]
[EventDate "2019.06.18"]
[EventType "swiss"]
[EventCountry "TUR"]
[SourceTitle "playchess.com"]
[Source "ChessBase"]
[SourceQuality "1"]

{[%evp 9,11,3,35,27]} 1. e4 c5 2. Nc3 e6 3. f4 Nc6 4. Nf3 a6 5. g3 Nge7 (5... b5 6. Bg2 Bb7 7. O-O d6 8. d3 Nf6 9. h3 Be7 10. g4 Nd7 11. Be3 Qc7 12. Qd2 b4 13. Ne2 a5 14. Ng3 {0-1 (37) Al Modiahki,M (2549)-Mchedlishvili,M (2632) Dubai 2014}) 6. Bg2 {B23: Closed Sicilian: Lines without g3} {Predecessor:} d5 $146 7. d3 g6 8. O-O Bg7 9. Kh1 O-O 10. Qe2 b5 11. g4 b4 12. Nd1 f5 13. gxf5 exf5 14. e5 Qc7 15. a3 {0-1 (69) Tate,E (2268)-Wang,C (2473) Las Vegas 2014} *

[Event "4th Baskent University Open 2019"]
[Site "Ankara"]
[Date "2019.06.18"]
[Round "2"]
[White "Caputcuoglu, Zeki Berke"]
[Black "Nikcevic, Nebojsa"]
[Result "*"]
[WhiteElo "2097"]
[BlackElo "2420"]
[Annotator "TA"]
[PlyCount "27"]
[EventDate "2019.06.18"]
[EventType "swiss"]
[EventCountry "TUR"]
[SourceTitle "playchess.com"]
[Source "ChessBase"]
[SourceQuality "1"]

{[%evp 9,14,21,21,18,37,34,33]} 1. Nf3 Nf6 2. d4 e6 3. c4 a6 4. Nc3 d5 5. cxd5 exd5 6. Bg5 {D37: Queen's Gambit Declined: 5 Bf4} Be6 7. e3 Nbd7 {Predecessor:} 8. Bd3 $146 h6 9. Bf4 g5 10. Bg3 Nh5 11. Be5 Nhf6 12. Bg3 Nh5 13. Ne2 Nxg3 14. Nxg3 {1-0 (61) Leko,P (2679)-Caruana,F (2832) Germany 2019} *

[Event "4th Baskent University Open 2019"]
[Site "Ankara"]
[Date "2019.06.18"]
[Round "2"]
[White "Caputcuoglu, Zeki Berke"]
[Black "Nikcevic, Nebojsa"]
[Result "0-1"]
[WhiteElo "2097"]
[BlackElo "2420"]
[Annotator "NA"]
[PlyCount "112"]
[EventDate "2019.06.18"]
[EventType "swiss"]
[EventCountry "TUR"]
[SourceTitle "playchess.com"]
[Source "ChessBase"]
[SourceQuality "1"]
[TimeControl "5400+30"]

1. Nf3 {[%emt 0:00:30]} Nf6 {[%emt 0:03:30]} 2. d4 {[%emt 0:00:30]} e6 {[%emt 0:00:30]} 3. c4 {[%emt 0:00:00]} a6 {[%emt 0:01:30]} 4. Nc3 {[%emt 0:01:00]} d5 {[%emt 0:00:30]} 5. cxd5 {[%emt 0:00:30]} exd5 {[%emt 0:01:30]} 6. Bg5 {[%emt 0:00:30]} Be6 {[%emt 0:00:00]} 7. e3 {[%emt 0:00:30]} Nbd7 {[%emt 0:01:00]} 8. Qc2 {[%emt 0:01:30]} Bd6 {[%emt 0:01:30]} 9. Bd3 {[%emt 0:00:30]} h6 {[%emt 0:02:30]} 10. Bh4 {[%emt 0:00:30]} O-O {[%emt 0:04:30]} 11. O-O {[%emt 0:00:30]} Rc8 {[%emt 0:02:30]} 12. Rfd1 {[%emt 0:07:30]} c5 {[%emt 0:07:30]} 13. dxc5 {[%emt 0:05:30]} Nxc5 {[%emt 0:06:30]} 14. Rac1 {[%emt 0:21:30]} Qe7 {[%emt 0:12:30]} 15. Qb1 {[%emt 0:04:30]} Rfd8 {[%emt 0:01:30]} 16. Bg3 {[%emt 0:04:30]} Bxg3 {[%emt 0:03:30]} 17. hxg3 {[%emt 0:00:30]} Ng4 {[%emt 0:09:30]} 18. Bf5 {[%emt 0:01:30]} Nf6 {[%emt 0:03:30]} 19. Nd4 {[%emt 0:01:30]} Ncd7 {[%emt 0:03:30]} 20. Rd2 {[%emt 0:07:30]} Ne5 {[%emt 0:01:30]} 21. Rcd1 {[%emt 0:03:30]} Nc4 {[%emt 0:01:30]} 22. Re2 {[%emt 0:01:30]} Bxf5 {[%emt 0:03:30]} 23. Nxf5 {[%emt 0:01:30]} Qe5 {[%emt 0:00:00]} 24. Rd4 {[%emt 0:02:30]} b5 {[%emt 0:08:00]} 25. Qd3 {[%emt 0:01:30]} g6 {[%emt 0:03:40]} 26. Nxh6+ {[%emt 0:01:30]} Kg7 {[%emt 0:00:04]} 27. Ng4 {[%emt 0:01:30]} Nxg4 {[%emt 0:00:30]} 28. Rxg4 {[%emt 0:00:00]} Nxb2 {[%emt 0:00:00]} 29. Qd4 {[%emt 0:02:00]} Qxd4 {[%emt 0:01:58]} 30. Rxd4 {[%emt 0:00:30]} Rxc3 {[%emt 0:01:29]} 31. Rxb2 {[%emt 0:00:30]} Rc1+ {[%emt 0:02:29]} 32. Kh2 {[%emt 0:00:00]} Rc4 {[%emt 0:00:33]} 33. Rbd2 {[%emt 0:02:00]} Rxd4 {[%emt 0:00:13]} 34. Rxd4 {[%emt 0:00:30]} Kf6 {[%emt 0:00:03]} 35. a4 {[%emt 0:07:58]} Ke5 {[%emt 0:02:23]} 36. axb5 {[%emt 0:00:42]} axb5 {[%emt 0:00:04]} 37. Rb4 {[%emt 0:01:25]} Rh8+ {[%emt 0:01:47]} 38. Kg1 {[%emt 0:00:30]} Rb8 {[%emt 0:00:01]} 39. Kf1 {[%emt 0:00:19]} Kd6 {[%emt 0:00:03]} 40. Ke2 {[%emt 0:00:26]} Kc5 {[%emt 0:00:02]} 41. Rb2 {[%emt 0:00:00]} b4 {[%emt 0:08:44]} 42. Kd3 {[%emt 0:00:00]} Rb7 {[%emt 0:00:00]} 43. Rd2 {[%emt 0:06:36]} Ra7 {[%emt 0:00:04]} 44. Rc2+ {[%emt 0:01:15]} Kb5 {[%emt 0:00:07]} 45. Rc8 {[%emt 0:00:13]} Ra2 {[%emt 0:01:16]} 46. f3 {[%emt 0:02:25]} Rxg2 {[%emt 0:00:58]} 47. g4 {[%emt 0:00:16]} Rg3 {[%emt 0:00:21]} 48. Ke2 {[%emt 0:00:07]} Rh3 {[%emt 0:01:18]} 49. Rf8 {[%emt 0:01:06]} Kc4 {[%emt 0:00:31]} 50. Rxf7 {[%emt 0:01:29]} Rh2+ {[%emt 0:00:30]} 51. Kd1 {[%emt 0:00:00]} Kd3 {[%emt 0:00:21]} 52. Kc1 {[%emt 0:00:08]} Kxe3 {[%emt 0:00:45]} 53. Rb7 {[%emt 0:00:16]} d4 {[%emt 0:00:42]} 54. Rxb4 {[%emt 0:00:16]} Rh1+ {[%emt 0:00:36]} 55. Kc2 {[%emt 0:00:18]} d3+ {[%emt 0:00:16]} 56. Kc3 {[%emt 0:00:09]} Rc1+ {[%emt 0:00:09]} 0-1

[Event "4th Baskent University Open 2019"]
[Site "Ankara"]
[Date "2019.06.18"]
[Round "2"]
[White "Javadov, Ramil"]
[Black "Mammadov, Zaur"]
[Result "0-1"]
[WhiteElo "2063"]
[BlackElo "2428"]
[Annotator "NA"]
[PlyCount "56"]
[EventDate "2019.06.18"]
[EventType "swiss"]
[EventCountry "TUR"]
[SourceTitle "playchess.com"]
[Source "ChessBase"]
[SourceQuality "1"]
[TimeControl "5400+30"]

1. d4 {[%emt 0:00:30]} d5 {[%emt 0:00:30]} 2. c4 {[%emt 0:00:30]} dxc4 {[%emt 0:00:30]} 3. Nf3 {[%emt 0:00:00]} Nf6 {[%emt 0:00:00]} 4. g3 {[%emt 0:07:00]} c5 {[%emt 0:02:00]} 5. Nc3 {[%emt 0:03:30]} e6 {[%emt 0:06:30]} 6. e4 {[%emt 0:09:30]} cxd4 {[%emt 0:08:30]} 7. Nxd4 {[%emt 0:00:30]} a6 {[%emt 0:02:30]} 8. Bxc4 {[%emt 0:04:30]} b5 {[%emt 0:00:30]} 9. Bb3 {[%emt 0:01:30]} Bb7 {[%emt 0:01:30]} 10. f3 {[%emt 0:01:30]} Bc5 {[%emt 0:00:30]} 11. Be3 {[%emt 0:05:30]} Qb6 {[%emt 0:05:30]} 12. a4 {[%emt 0:07:30]} Nc6 {[%emt 0:02:30]} 13. Nxc6 {[%emt 0:07:30]} Bxe3 {[%emt 0:00:30]} 14. axb5 {[%emt 0:02:30]} Bxc6 {[%emt 0:06:30]} 15. bxc6 {[%emt 0:05:30]} O-O {[%emt 0:00:30]} 16. Qe2 {[%emt 0:13:30]} Bd4 {[%emt 0:07:30]} 17. Ba4 {[%emt 0:06:30]} Rfb8 {[%emt 0:00:30]} 18. Nd1 {[%emt 0:07:36]} Qa5+ {[%emt 0:03:30]} 19. Kf1 {[%emt 0:01:24]} Rb4 {[%emt 0:01:30]} 20. Qc2 {[%emt 0:00:09]} Rab8 {[%emt 0:01:30]} 21. Ra2 {[%emt 0:00:02]} Bb6 {[%emt 0:01:30]} 22. h4 {[%emt 0:10:06]} Rd4 {[%emt 0:01:30]} 23. Nc3 {[%emt 0:01:03]} Rbd8 {[%emt 0:00:30]} 24. Rh2 {[%emt 0:02:27]} Nh5 {[%emt 0:00:30]} 25. Ne2 {[%emt 0:01:24]} Rd1+ {[%emt 0:00:30]} 26. Kg2 {[%emt 0:00:18]} R8d2 {[%emt 0:00:30]} 27. Qc4 {[%emt 0:00:53]} Rxe2+ {[%emt 0:00:30]} 28. Qxe2 {[%emt 0:00:21]} Rg1+ 0-1

[Event "4th Baskent University Open 2019"]
[Site "Ankara"]
[Date "2019.06.18"]
[Round "2"]
[White "Javadov, Ramil"]
[Black "Mammadov, Zaur"]
[Result "*"]
[WhiteElo "2063"]
[BlackElo "2428"]
[Annotator "TA"]
[PlyCount "24"]
[EventDate "2019.06.18"]
[EventType "swiss"]
[EventCountry "TUR"]
[SourceTitle "playchess.com"]
[Source "ChessBase"]
[SourceQuality "1"]

{[%evp 8,8,-11]} 1. d4 d5 2. c4 dxc4 3. Nf3 Nf6 4. g3 c5 {Predecessor:} 5. Qa4+ $146 Bd7 6. Qxc4 cxd4 7. Bg2 Bc6 8. O-O e6 9. Nxd4 Bxg2 10. Kxg2 Nbd7 11. Qb5 Bc5 12. Nb3 Bb6 {½-½ (30) Gelfand,B (2733)-Svidler,P (2726) Odessa 2009} *